| 000 | 00625nam a2200193 i 4500 | ||
|---|---|---|---|
| 001 | 134930 | ||
| 003 | ES-MaACL | ||
| 005 | 20230906194755.0 | ||
| 007 | t| | ||
| 008 | 070703s1967 sp ||||1| spa d | ||
| 100 | 1 |
_aTimón-David, José María. _9110291 |
|
| 245 | 1 | 0 |
_aTratado de la confesión de los niños y jóvenes _b: (para sacerdotes) / _cJosé María, Timón-David. |
| 260 |
_aVitoria : _bEset, _c1967. |
||
| 300 |
_a314 p. ; _c22 cm. |
||
| 490 | 1 |
_aEspiritualidad y Apostolado ; _v8 |
|
| 830 | 0 |
_aEspiritualidad y Apostolado ; _v8 _9183670 |
|
| 852 |
_aES-MaACL _jC-32318 _bR.62751 |
||
| 999 |
_c134930 _d134930 |
||